| 000 | 00562nam a2200229Ia 4500 | ||
|---|---|---|---|
| 008 | 170203s9999 xx 000 0 und d | ||
| 020 | _a0-590758195 | ||
| 050 | _aFic | ||
| 050 | _bC524a | ||
| 100 | _aChess, Victoria. | ||
| 245 | _aAlfred's alphabet walk / | ||
| 245 | _cVictoria Chess. | ||
| 260 | _aNew York : | ||
| 260 | _bGreenwillow Books, | ||
| 260 | _c©1979. | ||
| 300 | _a32 unnumbered pages : | ||
| 300 | _bcolor illustrations ; | ||
| 300 | _c26 cm | ||
| 650 | _aAlphabet. | ||
| 650 | _aAnimals -- | ||
| 650 | _xJuvenile fiction. | ||
| 999 |
_c306382 _d306382 |
||